000 00766nam a2200265Ia 4500
003 OSt
005 20221006160602.0
006 a|||||r|||| 00| 0
007 ta
008 221006b |||||||| |||| 00| 0 eng d
024 _a45,552
037 _cSeries Articles
040 _aEASL
_cEASL
_beng
041 _2eng
_aeng
100 _aSutherland Dylan
_9674258
245 0 _aPitfalls of using foriegn direct investment data measure chinese multinational enterprise activity
260 _aCambridge
_bCambridge Univesity Press
_c2015
300 _a21-48Pp.
_ccm.
490 _v221
650 _a CCP
650 _aChina
700 _a Anderson John
_981011
942 _cREF
_2CC
999 _c1113644
_d1113644